Southville International School and Colleges
Your cart is empty.
  • Cart
  • Lists
    Public lists Eva Luna New books Lux_list list_1
    Your lists Log in to create your own lists
  • Log in to your account
  • Your cookies
  • Search history
Southville International School and Colleges
  • Advanced search
  • Recent comments
  • Most popular
  • Libraries

Log in to your account

Log in with GOOGLE


If you do not have an external account, but do have a local account, you can still log in:

  1. Home
  2. MARC view: The new prescription drug reference guide /
Normal view MARC view ISBD view

The new prescription drug reference guide / (Record no. 21320)

[ view plain ]
MARC details
000 -LEADER
fixed length control field 00620nam a2200205 a 4500
005 - DATE AND TIME OF LATEST TRANSACTION
control field 20140310183318.0
008 - FIXED-LENGTH DATA ELEMENTS--GENERAL INFORMATION
fixed length control field 051202s19uu xx 00 eng d
020 ## - INTERNATIONAL STANDARD BOOK NUMBER
International Standard Book Number 1561736015
050 ## - LIBRARY OF CONGRESS CALL NUMBER
Classification number RM 301.15
Item number .N532 1993
245 ## - TITLE STATEMENT
Title The new prescription drug reference guide /
260 ## - PUBLICATION, DISTRIBUTION, ETC. (IMPRINT)
Place of publication, distribution, etc Illinois :
Name of publisher, distributor, etc Publications International, Ltd,
Date of publication, distribution, etc 1993.
300 ## - PHYSICAL DESCRIPTION
Extent 448 p. :
Other physical details ill. (some col.) ;
Dimensions 28 cm.
650 ## - SUBJECT ADDED ENTRY--TOPICAL TERM
Topical term or geographic name as entry element Drugs
General subdivision Dictionaries.
650 ## - SUBJECT ADDED ENTRY--TOPICAL TERM
Topical term or geographic name as entry element Drugs
General subdivision Trademarks
-- Dictionaries.
650 ## - SUBJECT ADDED ENTRY--TOPICAL TERM
Topical term or geographic name as entry element Drug Interactions
General subdivision Handbooks.
650 ## - SUBJECT ADDED ENTRY--TOPICAL TERM
Topical term or geographic name as entry element Drugs
General subdivision Handbooks.
942 ## - ADDED ENTRY ELEMENTS (KOHA)
Koha item type Books
Source of classification or shelving scheme Library of Congress Classification
Holdings
Withdrawn status Lost status Source of classification or shelving scheme Damaged status Home library Current library Shelving location Date acquired Total Checkouts Full call number Barcode Date last seen Copy number Price effective from Koha item type
    Library of Congress Classification   College Library College Library Reference Section 02/18/2011   RM 301.15 .N532 1993 C12134 05/15/2018 1 10/10/2013 Books
    Library of Congress Classification   College Library College Library Reference Section 10/25/2013   RM 301.15 .N532 1993 C6569 05/15/2018 2 10/25/2013 Books

The new prescription drug reference guide /

APA

(1993). The new prescription drug reference guide. Illinois: Publications International, Ltd.

Chicago

1993. The new prescription drug reference guide. Illinois: Publications International, Ltd.

Harvard

(1993). The new prescription drug reference guide. Illinois: Publications International, Ltd.

MLA

The new prescription drug reference guide. Illinois: Publications International, Ltd. 1993.

  • Place hold
  • Print
  • Cite
  • Add to your cart (remove)
  • Save record
    BIBTEX Dublin Core MARCXML MARC (non-Unicode/MARC-8) MARC (Unicode/UTF-8) MARC (Unicode/UTF-8, Standard) MODS (XML) RIS
  • More searches
    Search for this title in:
    Other Libraries (WorldCat) Other Databases (Google Scholar) Online Stores (Bookfinder.com) Open Library (openlibrary.org)

Exporting to Dublin Core...

SOUTHVILLE LIBRARY

Southville International School and Colleges Library

1281 Tropical Ave. Cor. Luxembourg St., BF Homes International, Las Pinas City

Tel. No. 8256374 / 252358 Loc. 117/146

Powered by Koha